Paleoecology of Plio-Pleistocene Hominidae in the Lower Omo Basin, Ethiopia /

Bibliographic Details
Main Author: Boaz, Noel Thomas
Format: Thesis Book
Language:English
Published: [Place of publication not identified] : [publisher not identified] ; 1977.
Subjects:

MARC

Tag First Indicator Second Indicator Subfields
LEADER 00000cam a2200000 a 4500
001 in00000020626
005 20151007054001.0
008 840305r19851977miua 00010 eng d
035 |a (OCoLC)10485820 
035 |9 AAB3552AM 
040 |a LRU  |c LRU  |d OCL  |d TXA  |d UtOrBLW 
049 |a TXAM  |c [A09245484] 
050 4 |a GN282.5  |b .B62 1977a 
100 1 |a Boaz, Noel Thomas. 
245 1 0 |a Paleoecology of Plio-Pleistocene Hominidae in the Lower Omo Basin, Ethiopia /  |c by Noel Thomas Boaz. 
264 1 |a [Place of publication not identified] :  |b [publisher not identified] ;  |c 1977. 
300 |a ii, 234 leaves :  |b illustrations 
336 |a text  |b txt  |2 rdacontent 
337 |a unmediated  |b n  |2 rdamedia 
338 |a volume  |b nc  |2 rdacarrier 
502 |b Ph. D.  |c University of California, Berkeley  |d 1977. 
504 |a Bibliography: leaves 156-190. 
533 |a Photocopy.  |b Ann Arbor, Mich. :  |c University Microfilms International,  |d 1985.  |e 21 cm. 
650 0 |a Fossil hominids  |z Ethiopia  |z Omo River Valley. 
650 0 |a Paleoecology  |z Ethiopia  |z Omo River Valley. 
650 0 |a Hominids. 
999 |a MARS 
999 f f |s 349a4fd0-4bbc-3f53-b4ca-982174529d09  |i 1812032d-66e7-36d3-bc56-3b74e7fc07be  |t 0 
952 f f |p normal  |a Texas A&M University  |b College Station  |c Sterling C. Evans Library  |d Evans: Library Stacks  |t 0  |e GN282.5 .B62 1977a  |h Library of Congress classification  |i unmediated -- volume  |m A14809245484 
998 f f |a GN282.5 .B62 1977a  |t 0  |l Evans: Library Stacks